Aplicación de ácido poliláctico como empaques para ensaladas mínimamente procesadas previamente tratadas con aceites esenciales.
保存先:
| 第一著者: | |
|---|---|
| その他の著者: | |
| フォーマット: | 図書 |
| 言語: | Spanish |
| 出版事項: |
San José, Costa Rica
2023
|
| 主題: | |
| タグ: |
タグ追加
タグなし, このレコードへの初めてのタグを付けませんか!
|
MARC
| LEADER | 00000nam a2200000Ia 4500 | ||
|---|---|---|---|
| 003 | 013637 | ||
| 005 | 20230421151850.0 | ||
| 008 | 140116s2023 cr a 000 ||spa d | ||
| 040 | |c cru CEDI | ||
| 100 | |a Vargas Torres, Valeria Adi, 1996- |9 411 | ||
| 245 | |a Aplicación de ácido poliláctico como empaques para ensaladas mínimamente procesadas previamente tratadas con aceites esenciales. | ||
| 260 | |a San José, Costa Rica |c 2023 | ||
| 500 | |a Trabajo de graduación (licenciatura en ingeniería agrícola y de Biosistemas)--Universidad de Costa Rica. Facultad de Ingeniería. Escuela de Ingeniería de Biosistemas | ||
| 501 | |a Directora de Trabajo Final de Graduación: Ph.D. Beatriz Mazón Villegas | ||
| 650 | |v ESENCIAS Y ACEITES ESENCIALES |x ACIDO POLILACTICO |x EMPAQUE - DISEÑO |x ESENCIAS Y ACEITES ESENCIALES - PRUEBAS |x PRODUCTOS NUEVOS - DISEÑO - METODOS |x PRESERVATIVOS DE ALIMENTOS | ||
| 700 | |9 409 |a Mazón Villegas, Beatriz, 1978- |d Directora del TFG | ||
| 942 | |c CEDI |h TFG 8788 |6 TFG_8788_000000000000000 | ||
| 999 | |c 13317 |d 13317 | ||
